| 000 | 01503nam a22003978i 4500 | ||
|---|---|---|---|
| 001 | fwb00000776 | ||
| 003 | PLAYA | ||
| 005 | 20221230181209.0 | ||
| 006 | m q h | ||
| 007 | cs nzannnauuuu | ||
| 007 | sz zunznnnzned | ||
| 008 | 221230s2022 ohua 000 1 eng d | ||
| 020 |
_a9781668605134 _q(Wonderbook): _c$64.99 |
||
| 028 | 0 | 1 |
_aWB000776 _bFindaway World |
| 040 |
_aPLAYA _beng _erda _cPLAYA |
||
| 100 | 1 |
_aPizzoli, Greg, _eauthor. _95891618 |
|
| 245 | 1 | 0 |
_aThe Watermelon Seed / _cGreg Pizzoli. |
| 264 | 1 |
_aSolon, Ohio : _bFindaway World, LLC, _c[2022] |
|
| 300 | _a1 Wonderbook | ||
| 336 | _atext | ||
| 336 | _aspoken word | ||
| 337 | _aunmediated | ||
| 337 | _aaudio | ||
| 338 | _avolume | ||
| 338 | _aother | ||
| 344 |
_adigital _bnon-volatile flash memory _2rda |
||
| 347 |
_aaudio file _bMP3 _2rda |
||
| 500 | _aON ORDER RECORD. | ||
| 500 | _aRelease date supplied by publisher. | ||
| 500 | _aAudiobook originally released by Hachette Audio. | ||
| 500 | _aIssued as a Wonderbook, a pre-loaded audiobook player permanently attached to a hardcover book. | ||
| 500 | _aPowered by a rechargeable battery ; USB charger required for recharging. | ||
| 500 | _aAudiobook player has 2 modes. Read-Along mode narrates the story. Learning mode asks questions related to the story. | ||
| 655 | 7 |
_aChildren's audiobooks. _2lcgft _95675081 |
|
| 710 | 2 |
_aFindaway World, LLC. _95674726 |
|
| 999 |
_c379897 _d379897 |
||